| 000 | 01438cam a22003251 4500 | ||
|---|---|---|---|
| 999 |
_c130314 _d130314 |
||
| 001 | 2636135 | ||
| 003 | ARRUPE | ||
| 005 | 20200206094735.0 | ||
| 008 | 780321s1939 enk 000 0deng | ||
| 010 | _a 40007297 | ||
| 040 |
_aDLC _cCtY _dDLC |
||
| 050 | 0 | 0 |
_aDA506.A1 _bS8 1939a |
| 082 | 0 | 0 | _a920.7 |
| 100 | 1 |
_aStuart, Dorothy Margaret. _948985 |
|
| 245 | 1 | 4 |
_aThe daughters of George III. _cDorothy Margaret Stuart |
| 260 |
_aLondon, _bMacmillan & co., ltd., _c1939. |
||
| 300 |
_axi, 414, [1] p. incl. geneal. tab. _bfront., plates, ports. _c23 cm. |
||
| 500 | _a"First edition, September 1939. Reprinted, October 1939." | ||
| 504 | _aBibliography: p. 389-394. | ||
| 600 | 0 | 0 |
_aCharlotte, _cQueen, Consort of Frederick I, King of Württemberg, _d1766-1828 _949399 |
| 600 | 0 | 0 |
_aAugusta Sophia, _cPrincess, daughter of George III, King of Great Britain, _d1768-1840. _949400 |
| 600 | 0 | 0 |
_aElizabeth, _cPrincess of England, _d1770-1840. _949401 |
| 600 | 0 | 0 |
_aMary, _cDuchess of Gloucester, _d1776-1857. _949402 |
| 600 | 0 | 0 |
_aSophia, _cPrincess, daughter of George III, King of Great Britain, _d1777-1848. _949403 |
| 600 | 0 | 0 |
_aAmelia, _cPrincess, daughter of George III, King of Great Britain, _d1783-1810. _949404 |
| 600 | 0 | 0 |
_aGeorge _bIII, _cKing of Great Britain, _d1738-1820 _xFamily. _949405 |
| 650 | 0 |
_aPrincesses _zGreat Britain _xBiography. _96216 |
|
| 906 |
_a7 _bcbc _corignew _du _eocip _f19 _gy-gencatlg |
||
| 942 |
_2lcc _cMONOGRAPH |
||